000 00939cam a2200253 4500
001 WB3718-17
008 000000n2001 000 0 eng u
035 _a(Sirsi) u112535
245 4 _aThe spirit of the Act
260 _c2001
490 _aEstates Gazette
_v(0118) 5 May 2001, 171(1)
520 _aConsiders a recent High Court ruling in "BHP Petroleum Great Britain Ltd v Chesterfield Properties Ltd" (2001) on whether a landlord can release itself from personal covenants under the Landlord and Tenant (Covenants) Act 1995.
590 _aWB
650 _aBHP PETROLEUM GREAT BRITAIN LTD V CHESTERFIELD PROPERTIES LTD
650 _aPERSONAL COVENANTS
650 _aSECTION 8 NOTICE
650 _aLANDLORD AND TENANT (COVENANTS) ACT 1995
650 _aLIABILITY
650 _aLEASES
650 _aSTATUTORY RELEASE PROVISIONS
650 _aCOLLATERAL AGREEMENTS
690 _aLANDLORD AND TENANT-LEASES
942 _n0
999 _c66975
_d66975